De la catalogación a la "Metadatación : (Registro nro. 2446)
[ vista simple ]
| 000 -CABECERA | |
|---|---|
| campo de control de longitud fija | 01251 a2200289 4500 |
| 005 - FECHA Y HORA DE LA ÚLTIMA TRANSACCIÓN | |
| campo de control | 20260331192958.0 |
| 008 - DATOS DE LONGITUD FIJA--INFORMACIÓN GENERAL | |
| campo de control de longitud fija | 250630b |||||||| |||| 00| 0 eng d |
| 020 ## - NÚMERO INTERNACIONAL ESTÁNDAR DEL LIBRO (ISBN) | |
| Número Internacional Estándar del Libro | 9789878521152 |
| 041 ## - CÓDIGO DE LENGUA | |
| Código de Idioma ® (Este campo indica que la obra o el ítem está editada en dos idiomas, o más, también puede indicar que es una traducción, se utilizará el código ISO de 3 letras.) | spa |
| 082 ## - NÚMERO DE LA CLASIFICACIÓN DECIMAL DEWEY | |
| Sistema de Clasificación Dewey | 025.3 |
| Cutter | G935c |
| 100 ## - ENTRADA PRINCIPAL--NOMBRE DE PERSONA | |
| Nombre de persona | Guerrini, Mauro |
| 9 (RLIN) | 3255 |
| 245 ## - MENCIÓN DE TÍTULO | |
| Título | De la catalogación a la "Metadatación : |
| Subtítulo | huellas de un camino / |
| Mención de responsabilidad | Mauro Guerrini ; prólogo de José María Williams ; traducido por Gustavo Roque Rella |
| 260 ## - PUBLICACIÓN, DISTRIBUCIÓN, ETC. | |
| Lugar de publicación, distribución, etc. | Ciudad Autónoma de Buenos Aires, Argentina ; |
| Nombre del editor, distribuidor, etc. | Dunken : |
| Fecha de publicación, distribución, etc. | 2022 |
| 264 ## - PRODUCCIÓN, PUBLICACIÓN, DISTRIBUCIÓN, FABRICACIÓN Y COPYRIGHT | |
| Lugar de publicación, distribución, etc. | Ciudad Autónoma de Buenos Aires, Argentina ; |
| Nombre del editor o distribuidor | Dunken : |
| Fecha de publicación | 2022 |
| 300 ## - DESCRIPCIÓN FÍSICA | |
| Descripción Física (páginas/volúmenes) | 189 páginas : |
| Dimensiones | 22 cm. |
| 505 ## - NOTA DE CONTENIDO CON FORMATO | |
| Nota de contenido | Panta rei -- Principios y modelos bibliográficos -- Descripción de los recursos -- Acceso a los recursos -- Formatos de intercambio -- Herramientas para metadatar y para la indización̤ temát̀ica |
| 650 #0 - PUNTO DE ACCESO ADICIONAL DE MATERIA--TÉRMINO DE MATERIA | |
| Término controlado ® | METADATOS |
| 650 #0 - PUNTO DE ACCESO ADICIONAL DE MATERIA--TÉRMINO DE MATERIA | |
| Término controlado ® | CATALOGACIÓN |
| 650 #0 - PUNTO DE ACCESO ADICIONAL DE MATERIA--TÉRMINO DE MATERIA | |
| Término controlado ® | ACCESO A LA INFORMACIÓN |
| 700 ## - ENTRADA SECUNDARIA - AUTOR PERSONAL | |
| Autores adicionales | Williams, José María |
| Poner si es autor o editor según el caso | Prologuista |
| 9 (RLIN) | 3259 |
| 700 ## - ENTRADA SECUNDARIA - AUTOR PERSONAL | |
| Autores adicionales | Rella, Gustavo Roque |
| Poner si es autor o editor según el caso | traductor |
| 9 (RLIN) | 3260 |
| 942 ## - ELEMENTOS DE PUNTO DE ACCESO ADICIONAL (KOHA) | |
| Fecha de catalogación | 23-06-2025 |
| Tipo de ítem Koha | Libros |
| Catalogador | vmd |
| Fuente del sistema de clasificación o colocación | Localización permanente | Ubicación/localización actual | Fecha de adquisición | Fuente de adquisición | Número de inventario | Signatura topográfica completa | Código de barras | En préstamo | Número de copia | Tipo de ítem Koha |
|---|---|---|---|---|---|---|---|---|---|---|
| Dewey Decimal Classification | Biblioteca Universidad Regional Amazónica Ikiam | Biblioteca Universidad Regional Amazónica Ikiam | 23.06.2025 | Donación | 00617 | 025.3/G935c | 00617 | 23.06.2025 | Ej. 2 | Libros |
| Dewey Decimal Classification | Biblioteca Universidad Regional Amazónica Ikiam | Biblioteca Universidad Regional Amazónica Ikiam | 23.06.2025 | Donación | 00616 | 025.3/G935c | 00616 | 23.06.2025 | Ej. 1 | Libros |